000 00394nam a22001697a 4500
005 20260330142947.0
008 160618b xxu||||| |||| 00| 0 eng d
020 _a978-81-8598-413-1
041 _aeng
082 _b8162
100 _aeliyahu M Goldratt & Jett Cox
_92227
245 _aThe Goal
260 _bPraductivity and Q
_c2007
300 _a185
650 _aManagement
942 _cBK
999 _c3116
_d3115